[Event "SCG First League w"]
[Site "Vrnjacka Banja SCG"]
[Date "2005.10.25"]
[Round "9"]
[White "Djingarova,E"]
[Black "Vasilevich,T"]
[Result "1/2-1/2"]
[WhiteElo "2358"]
[BlackElo "2400"]

1.e4 g6 2.d4 Bg7 3.Nc3 d6 4.h3 Nf6 5.Be3 a6 6.f4 O-O 7.Nf3 e6 8.Bd3 Nc6 9.O-O b5
10.e5 Nd5 11.Nxd5 exd5 12.Qd2 dxe5 13.fxe5 f6 14.exf6 Bxf6 15.c3 Be6 16.Bh6 Bg7
17.Bxg7 Kxg7 18.Ng5 Bg8 19.Rxf8 Qxf8 20.a4 bxa4 21.Rxa4 a5 22.Ra1 Rb8 23.h4 Qd6
24.h5 h6 25.Nh3 gxh5 26.Nf4 Bf7 27.Rf1 Rg8 28.Bb1 Kh8 29.Ng6+ Kg7 30.Nh4 Ne7
31.Qd3 Kf8 32.Nf5 Qg6 33.Qe2 Qg5 34.Nxe7 Qxe7 35.Qxh5 Rg7 36.Bg6 Qg5 37.Rxf7+ Rxf7
38.Bxf7 Qc1+ 39.Kh2 Qf4+ 40.Kh3 Qxf7 41.Qxh6+ Ke7 42.Kg4 Kd7 43.Qf4 Qg6+
44.Kh3 Qc2 45.Qf7+ Kd6 46.Qf8+ Kd7 47.Qf7+ Kd6 48.Qf4+ Kd7 49.Qe5 c6 50.Qg7+ Kd6
51.Qf8+ Kd7 52.Qb8 Qh7+ 53.Kg3  1/2-1/2

[Event "II Open"]
[Site "Calvia ESP"]
[Date "2005.10.26"]
[Round "7"]
[White "Perez Candelario,Man"]
[Black "Movsziszian,K"]
[Result "1-0"]
[WhiteElo "2522"]
[BlackElo "2461"]

1.e4 d6 2.d4 g6 3.Nc3 Bg7 4.Be3 a6 5.f3 b5 6.Qd2 Nd7 7.g4 c5 8.Nge2 h5 9.g5 Bb7
10.Bh3 Nb6 11.dxc5 Nc4 12.Qc1 b4 13.Nd1 d5 14.exd5 Qxd5 15.O-O e6 16.c3 a5
17.Bd4 Bxd4+ 18.cxd4 Ne7 19.b3 Na3 20.Qf4 O-O 21.Ne3 Qc6 22.Qf6 Nd5 23.Nxd5 Qxd5
24.Nf4 Qd8 25.Rac1 Qxf6 26.gxf6 g5 27.Nxh5 Nb5 28.c6 Ba6 29.Kf2 Kh7 30.Rg1 Kh6
31.Rc5 Nxd4 32.Rcxg5 Ne2 33.R1g4 Rfd8 34.Bf1 Rd2 35.Bxe2 Rxe2+ 36.Kg3 Re1
37.Kh4 Rh1 38.h3  1-0

[Event "Jababeka Women"]
[Site "Jakarta INA"]
[Date "2005.10.26"]
[Round "10"]
[White "Krivec,J"]
[Black "Khegai,A"]
[Result "1/2-1/2"]
[WhiteElo "2279"]
[BlackElo "2243"]

1.e4 g6 2.d4 Bg7 3.Nc3 d6 4.Be3 c6 5.Qd2 Nd7 6.Nf3 Qa5 7.Bd3 e5 8.O-O Ngf6
9.h3 O-O 10.Bh6 Re8 11.dxe5 dxe5 12.a3 Nf8 13.Kh2 Ne6 14.b4 Qc7 15.Ne2  1/2-1/2

[Event "Open A"]
[Site "Liberec CZE"]
[Date "2005.10.26"]
[Round "6"]
[White "Vyskocil,N"]
[Black "Hastik,S"]
[Result "1-0"]
[WhiteElo "2318"]
[BlackElo "2115"]

1.e4 g6 2.d4 Bg7 3.Nc3 d6 4.Be3 Nf6 5.Qd2 Ng4 6.Bg5 h6 7.Bh4 c6 8.h3 Nf6
9.f4 Qc7 10.Nf3 b5 11.a3 a6 12.Bd3 Nbd7 13.e5 Nd5 14.e6 N7b6 15.exf7+ Kxf7
16.Nxd5 cxd5 17.b3 Bd7 18.O-O Rac8 19.Rae1 Bf6 20.Ne5+ dxe5 21.fxe5 g5 22.exf6 e6
23.Bf2 Rcg8 24.Re3 Nc8 25.Bg3 Qc6 26.Be5 Nd6 27.Qb4 Nc8 28.Qd2 Nd6 29.Qb4 Nc8
30.Rg3 Qb6 31.Be2 h5 32.Qd2 g4 33.hxg4 h4 34.Rh3 Nd6 35.Qb4 Nc8 36.Qe1 Nd6
37.Bf3 Ke8 38.Bxd6 Qxd6 39.Rxh4 Qf4 40.f7+ Qxf7 41.Bxd5 Qg7 42.c3 Rxh4 43.Qxh4 Rh8
44.Qe1 Qh6 45.Bc6 Qh2+ 46.Kf2 Kf8 47.Qe4 Ke7 48.Ke2 Re8 49.Kd2 a5 50.Qe5 Qh6+
51.g5 Qg6 52.Qf6+  1-0

[Event "5th Rohde Open"]
[Site "Sautron FRA"]
[Date "2005.10.27"]
[Round "6"]
[White "Edouard,R"]
[Black "Chatalbashev,B"]
[Result "1-0"]
[WhiteElo "2338"]
[BlackElo "2491"]

1.e4 g6 2.d4 Bg7 3.Nc3 d6 4.f4 Nf6 5.Nf3 O-O 6.Bd3 Nc6 7.O-O e5 8.fxe5 dxe5
9.d5 Nb4 10.Be2 a5 11.Nd2 c6 12.a3 Na6 13.dxc6 Qb6+ 14.Kh1 Qxc6 15.Bb5 Qc7
16.Nc4 Be6 17.Qe2 Rac8 18.b3 Nh5 19.Be3 Nf4 20.Qe1 Nc5 21.Rd1 a4 22.Nd5 Nxd5
23.exd5 Bg4 24.d6 Qd8 25.b4 Bxd1 26.Bxc5 Bxc2 27.Nb6 Rxc5 28.bxc5 Bb3 29.Qe4 Qg5
30.Bxa4 Bxa4 31.Nxa4 Qd2 32.Nb6 Qa5 33.Qd5 Qb5 34.Qc4 Qxc4 35.Nxc4 Rc8 36.d7 Rd8
37.Rd1 e4 38.Kg1 Bc3 39.Kf1 Kf8 40.Ke2 Ke7 41.Nb6 Be5 42.Rb1 Bxh2 43.Ke3 f5
44.Rh1 Be5 45.Rxh7+ Ke6 46.Rh6 Kf6 47.Rh1 Bb8 48.Rh7 g5 49.a4 Ke6 50.g4 fxg4
51.Kxe4 g3 52.Rh6+ Kf7 53.Kf3 Bf4 54.c6 Kg7 55.Re6 bxc6 56.Re8 Bc7 57.Rxd8 Bxd8
58.a5  1-0

[Event "SCG First League m"]
[Site "Vrnjacka Banja SCG"]
[Date "2005.10.27"]
[Round "11"]
[White "Lazic,Mi"]
[Black "Kosoric,L"]
[Result "1/2-1/2"]
[WhiteElo "2472"]
[BlackElo "2098"]

1.e4 g6 2.d4 Bg7 3.Nc3 d6 4.g3 Nf6 5.Bg2 O-O 6.h3 c6 7.a4 e5 8.Nge2 Nbd7
9.Be3 Qe7 10.O-O h6 11.g4 Ne8 12.Qd2 Kh7 13.f4 Nc7 14.Rad1 exf4 15.Bxf4 Ne8
16.Rf2 b6 17.Rdf1 Ba6 18.Bg3 Rc8 19.b3 Bxe2 20.Nxe2 c5 21.c3 Qe6 22.Qd1 g5
23.e5 dxe5 24.Be4+ Kg8 25.dxe5 Nxe5 26.Bf5 Qc6 27.Bxc8 Qxc8  1/2-1/2

[Event "Open A"]
[Site "Liberec CZE"]
[Date "2005.10.28"]
[Round "8"]
[White "Krivanek,V"]
[Black "Pakosta,M"]
[Result "1-0"]
[WhiteElo "2066"]
[BlackElo "2177"]

1.e4 d6 2.Nc3 g6 3.d4 Bg7 4.Be3 Nf6 5.f3 O-O 6.Qd2 e5 7.Nge2 exd4 8.Nxd4 d5
9.Bh6 dxe4 10.Bxg7 Kxg7 11.O-O-O Qe7 12.Nxe4 Nxe4 13.fxe4 Bg4 14.Re1 Rd8
15.h3 Be6 16.Qc3 Kg8 17.Nxe6 fxe6 18.Bc4 Rd6 19.h4 Nd7 20.h5 g5 21.Rhf1 Rc6
22.Qd4 Rd6 23.Qe3 Ne5 24.Bb3 h6 25.Qc3 Qg7 26.Rf5 Nf7 27.Rf6 Kf8 28.Ref1 Rd7
29.Bxe6 Ke7 30.Bxd7  1-0

[Event "TCh-BEL 2005-6"]
[Site "Belgium BEL"]
[Date "2005.11.06"]
[Round "3"]
[White "Goossens,E"]
[Black "Siebrecht,S"]
[Result "0-1"]
[WhiteElo "2229"]
[BlackElo "2485"]

1.d4 d6 2.e4 g6 3.Nc3 Bg7 4.Nf3 a6 5.Bg5 b5 6.e5 Nc6 7.Bd3 Bd7 8.Qe2 h6 9.Bd2 dxe5
10.dxe5 e6 11.O-O-O Nge7 12.h4 Nb4 13.Be3 Nxd3+ 14.Rxd3 Qb8 15.Rhd1 Bc6 16.Bc5 Qb7
17.Nd4 Bxg2 18.Nxe6 fxe6 19.Bxe7 Bf3 20.Rxf3 Kxe7 21.Rfd3 Rad8 22.f4 b4 23.Qd2 Qc8
24.Ne4 a5 25.Qg2 Rxd3 26.Rxd3 g5 27.hxg5 Rd8 28.gxh6 Bxh6 29.Qg6 Bxf4+ 30.Kb1 Rxd3
31.cxd3 Qh8 32.Nc5 Qh1+ 33.Kc2 Qc1+ 34.Kb3 Qxc5 35.Qf6+ Ke8 36.Qxf4 Qd5+
37.Kc2 Qxa2 38.Qf6 Qd5 39.Qg7 Kd8  0-1

[Event "Autumn Open"]
[Site "St Petersburg RUS"]
[Date "2005.11.06"]
[Round "9"]
[White "Akatova,E"]
[Black "Eliseev,Alexe"]
[Result "0-1"]
[WhiteElo "2151"]
[BlackElo "2425"]

1.e4 g6 2.d4 Bg7 3.Nc3 d6 4.Be3 Nd7 5.Qd2 a6 6.Bd3 e6 7.Nf3 h6 8.O-O Ne7
9.Ne2 b6 10.c3 Bb7 11.Qc2 O-O 12.Rad1 Qe8 13.Nd2 Kh7 14.a4 f5 15.exf5 Nxf5
16.Ng3 Nf6 17.Nxf5 exf5 18.Rfe1 Qc6 19.f3 Rae8 20.Nf1 Nd5 21.Bc1 Qd7 22.Qf2 Qxa4
23.Bc2 Qd7 24.Ng3 Bf6 25.c4 Ne7 26.d5 Ng8 27.Ne2 Bc8 28.Nf4 Qg7 29.Rxe8 Rxe8
30.b4 Bc3 31.Ba3 Qe5 32.Nd3 Qe2 33.Qxe2 Rxe2 34.Bb1 Nf6 35.Kf1 Re7 36.Nf4 a5
37.bxa5 Bxa5 38.Bb2 Nd7 39.Ne6 Ne5 40.f4 Nxc4 41.Nf8+ Kg8 42.Nxg6 Ne3+ 43.Kg1 Re8
44.Rc1 Kh7 45.Rxc7+ Kxg6 46.Rg7+ Kh5 47.h3 Nxd5 48.g4+ Kh4 49.Ba2 Re1+ 50.Kf2 Nxf4  0-1

[Event "TCh-AUT 2005-6"]
[Site "Austria AUT"]
[Date "2005.11.19"]
[Round "2"]
[White "Brestian,E"]
[Black "Kleissl,H"]
[Result "0-1"]
[WhiteElo "2399"]
[BlackElo "2299"]

1.d4 d6 2.e4 g6 3.Nc3 Bg7 4.Be3 a6 5.a4 Nf6 6.Nf3 b6 7.h3 O-O 8.Bd3 Re8 9.O-O Bb7
10.b4 Nc6 11.Na2 a5 12.b5 Nb8 13.Nc3 Nbd7 14.Qe2 e5 15.d5 Nh5 16.Qd2 Rf8
17.Bg5 Qe8 18.Rae1 Bc8 19.Nh2 Nc5 20.Be2 Nf4 21.Bg4 f5 22.exf5 gxf5 23.Bxf4 fxg4
24.Be3 gxh3 25.g3 Qg6 26.Bxc5 bxc5 27.Ne4 Bf5 28.Qe2 Rf7 29.Kh1 Raf8 30.f3 Bxe4
31.fxe4 Qxg3 32.Rxf7 Rxf7 33.Rf1 Rf4 34.Rxf4 exf4 35.Nf3 Bd4 36.Qf1 Kf7 37.e5 Ke7
38.exd6+ Kxd6 39.c4 Bf2 40.Nd2 Kd7 41.d6 f3  0-1

[Event "TCh-BEL 2005-6"]
[Site "Belgium BEL"]
[Date "2005.11.20"]
[Round "4"]
[White "Akhayan,R"]
[Black "Deleyn,G"]
[Result "1/2-1/2"]
[WhiteElo "2229"]
[BlackElo "2300"]

1.e4 g6 2.d4 Bg7 3.Nc3 d6 4.Be3 a6 5.Nf3 b5 6.Bd3 Nd7 7.e5 Rb8 8.Be4 b4 9.Ne2 Nb6
10.O-O e6 11.Bg5 Ne7 12.Qc1 h6 13.Bh4 g5 14.Bg3 Bb7 15.Nd2 Bxe4 16.Nxe4 Nf5
17.a3 a5 18.axb4 axb4 19.f4 dxe5 20.dxe5 Qd5 21.Nf6+ Bxf6 22.exf6 Qe4 23.fxg5 Nd5
24.Rf2 Rd8 25.Nf4 Nxg3 26.hxg3 hxg5 27.Nxd5 Qxd5 28.Qe3 g4 29.Re1 Qd4 30.Qxd4 Rxd4
31.Rf4 Rxf4 32.gxf4 Rh6 33.Re4 b3 34.cxb3 Rxf6 35.g3 Rf5 36.Kf2 Rh5 37.Kg2 Rb5
38.b4 Kd7 39.Kf2 c5 40.bxc5 Rxb2+ 41.Kf1 Rb3 42.Kg2 Rc3 43.f5 exf5 44.Re5 Rf3
45.Rd5+ Ke6 46.Rd6+ Ke5 47.Rd1 Rc3 48.Rd7 Rc2+ 49.Kg1 Ke4 50.Rxf7 Rxc5 51.Ra7 Rc1+
52.Kf2 Rc2+ 53.Kf1 Rd2 54.Ra8 Ke3 55.Ra5 Ke4 56.Ra8 Rd3 57.Kf2 Rd2+ 58.Kf1 f4
59.gxf4 g3 60.Ra3 Kxf4 61.Ra8  1/2-1/2

[Event "WJun"]
[Site "Instanbul TUR"]
[Date "2005.11.20"]
[Round "11"]
[White "Uzun,F"]
[Black "Agdestein,Em"]
[Result "1/2-1/2"]
[WhiteElo "2070"]
[BlackElo "2057"]

1.d4 g6 2.e4 Bg7 3.Nc3 d6 4.Nge2 a6 5.g3 b5 6.Bg2 Bb7 7.O-O e6 8.Be3 Ne7
9.Qd2 Nd7 10.Bh6 O-O 11.Rad1 Nb6 12.b3 Rc8 13.Qe3 Qe8 14.Bh3 Rd8 15.Bg5 Bc8
16.e5 dxe5 17.dxe5 Rxd1 18.Rxd1 Nbd5 19.Qc5 Bb7 20.Bxe7 Nxe7 21.Qxc7 Bf3
22.Rd3 Bxe2 23.Nxe2 Nd5 24.Qc5 Qb8 25.c4 bxc4 26.Qxc4 Qxe5 27.Rd1 a5 28.Bg2 Nc3
29.Nxc3 Qxc3 30.Qxc3 Bxc3 31.Kf1 Bb4 32.Ke2 h5 33.Rd7 Rc8 34.Be4 Kg7 35.Kd1 Rc5
36.Ra7 Kf6 37.f4 Rb5 38.Ke2 Rc5 39.Bd3 Rc3 40.h3 Rc5 41.Bc4 Rf5 42.Kf3 Rc5
43.g4 hxg4+ 44.hxg4 g5 45.f5 Re5 46.Ra6 Ba3 47.Bd3 Bc1 48.Rc6 Ba3 49.Rc5 Bb2
50.Rc3 Rc5 51.Bc4 Re5 52.fxe6 fxe6 53.Bxe6 Rxe6 54.b4 Ke7 55.a4  1/2-1/2

[Event "Open"]
[Site "Lugano SUI"]
[Date "2005.11.20"]
[Round "6"]
[White "Valsecchi,A"]
[Black "Trumpf,W"]
[Result "0-1"]
[WhiteElo "1965"]
[BlackElo "2058"]

1.e4 g6 2.d4 Bg7 3.Nc3 d6 4.Be3 a6 5.Qd2 b5 6.f3 Nd7 7.O-O-O Bb7 8.h4 c5
9.dxc5 Nxc5 10.Nxb5 axb5 11.Bxc5 Rxa2 12.Bxb5+ Kf8 13.Qd3 Qa5 14.b4 Bh6+
15.Kb1 Ra1+ 16.Kb2 Qa2+ 17.Kc3 dxc5 18.bxc5 Qa5+ 19.Kc4 Rxd1 20.Qxd1 Bd2
21.Ne2 Qb4+ 22.Kd3 Qxb5+ 23.Kxd2 Nf6 24.Qb1 Qa5+ 25.c3 Ba6 26.h5 Nxh5 27.Rxh5 Kg7
28.Rd5 e6 29.Rd7 Qxc5 30.Qg1 Qb5 31.Qd4+ e5 32.Qd5 Qxe2+ 33.Kc1 Qf1+ 34.Kc2 Qxg2+
35.Kc1 Qf1+ 36.Kc2 Qe2+ 37.Kc1 Qe3+ 38.Kc2 Qf4 39.c4 Re8 40.c5 Qxf3 41.c6 Bc8
42.Rc7 Qf2+ 43.Kc1 Qg1+ 44.Kc2 Qh2+ 45.Kc3 Be6 46.Qb5 Qg3+ 47.Kc2 Qf2+ 48.Kc3 Qe1+
49.Kb2 Qxe4 50.Rb7 Qd4+ 51.Kc2 Bf5+ 52.Kb3 Be6+ 53.Kc2 Ra8  0-1

[Event "Baden Challenge"]
[Site "Pforzheim GER"]
[Date "2005.11.20"]
[Round "5"]
[White "Schafranietz,S"]
[Black "Ivanov,MM"]
[Result "1-0"]
[WhiteElo "2334"]
[BlackElo "2457"]

1.e4 g6 2.d4 Bg7 3.Nc3 d6 4.Be3 a6 5.a4 b6 6.g3 Bb7 7.Bg2 Nd7 8.Nge2 e6 9.O-O Ne7
10.Nf4 O-O 11.Qd2 e5 12.dxe5 dxe5 13.Nfd5 Nc5 14.a5 Nxd5 15.Nxd5 Qd6 16.b4 Nd7
17.Rfd1 bxa5 18.Rxa5 Rfd8 19.Bf3 c6 20.Nb6 Qxd2 21.Rxd2 Nxb6 22.Rxd8+ Rxd8
23.Bxb6 Rd2 24.Ra2 Bh6 25.Kf1 Bc8 26.Be2 Be6 27.Rb2 f5 28.Ke1 fxe4 29.Bc7 Rd7
30.Bxe5 Bd2+ 31.Kf1 Bh3+ 32.Kg1 e3 33.Bf4 Bc3 34.Rb1 exf2+ 35.Kxf2 Bd4+ 36.Kf3 Be6
37.Bxa6 Bd5+ 38.Ke2 h5 39.Bd3 Kg7 40.Kd2 Re7 41.b5 cxb5 42.Rxb5 Bf7 43.h4 Ra7
44.Be3 Bxe3+ 45.Kxe3 Ra4 46.Be4 Ra6 47.Rc5 Kf6 48.c4 Be6 49.Rg5 Bxc4 50.Bxg6 Ra3+
51.Kf4 Ra4 52.Bxh5 Ba6+ 53.Ke3 Ra3+ 54.Kd4 Ra4+ 55.Kc3 Ra3+ 56.Kb4 Ra1 57.Be8 Bd3
58.Kc3 Bf5 59.Bb5 Rd1 60.Be2 Rd7 61.g4 Be6 62.Rc5 Ra7 63.g5+ Kg7 64.h5 Bf7
65.h6+ Kh7 66.Bg4  1-0

[Event "WJun"]
[Site "Instanbul TUR"]
[Date "2005.11.21"]
[Round "12"]
[White "Sengupta,D"]
[Black "Khairullin,I"]
[Result "1/2-1/2"]
[WhiteElo "2400"]
[BlackElo "2537"]

1.e4 d6 2.d4 g6 3.Nc3 Bg7 4.Nf3 c6 5.Be3 b5 6.Bd3 Nd7 7.O-O Qc7 8.Qd2 Ngf6
9.h3 O-O 10.Rfe1 e5 11.a3 a6 12.dxe5 dxe5 13.Ne2 c5 14.Ng3 c4 15.Bf1 Nc5
16.Bh6 Be6 17.Qg5 Bxh6 18.Qxh6 Ne8 19.b4 cxb3 20.cxb3 f6 21.b4 Na4 22.Rac1 Qe7
23.h4 Nd6 24.Nd2 Rac8 25.Qe3 h5 26.f4 exf4 27.Qxf4 Nf7 28.Nf3 Bg4 29.Nh1 Rxc1
30.Rxc1 Rc8 31.Rxc8+ Bxc8 32.Nf2 Bb7 33.g4 Qd6 34.Qxd6 Nxd6 35.Nd2 Nc3 36.Bd3 Kf7
37.gxh5 gxh5 38.Kh2 Ke6  1/2-1/2

[Event "55th ch-GRE"]
[Site "Kalamata GRE"]
[Date "2005.11.21"]
[Round "6"]
[White "Kotronias,V"]
[Black "Kotrotsos,V"]
[Result "1-0"]
[WhiteElo "2626"]
[BlackElo "2339"]

1.e4 g6 2.d4 Bg7 3.Nc3 d6 4.f4 a6 5.Nf3 b5 6.Bd3 Nd7 7.a4 b4 8.Ne2 Bb7 9.O-O Ngf6
10.e5 Ne4 11.c3 c5 12.Qc2 f5 13.exf6 Ndxf6 14.Ng5 d5 15.cxb4 cxb4 16.Ne6 Qd6
17.Nc7+ Kf7 18.Nxa8 Rc8 19.Qb3 Bxa8 20.a5 h6 21.h3 Ke8 22.Be3 Kd7 23.Rfc1 Rb8
24.Rc2 g5 25.Rac1 e6 26.Rc7+ Qxc7 27.Rxc7+ Kxc7 28.fxg5 hxg5 29.Bxa6 Kd7
30.Bxg5 Nxg5 31.Qg3 Nxh3+ 32.Qxh3 Bc6 33.Nf4 Re8 34.Nxe6 Rxe6 35.Bc8+ Kxc8
36.Qxe6+ Bd7 37.Qa6+ Kc7 38.Qb6+ Kc8 39.a6  1-0

[Event "18th Belgrade Trophy"]
[Site "Obrenovac SCG"]
[Date "2005.11.24"]
[Round "3"]
[White "Radovanovic,D"]
[Black "Bantic,M"]
[Result "1-0"]
[WhiteElo "2368"]
[BlackElo "2185"]

1.e4 d6 2.d4 g6 3.Nc3 Bg7 4.Be3 Nf6 5.f3 O-O 6.Qd2 Nbd7 7.O-O-O b6 8.g4 c5
9.d5 a6 10.Bh6 b5 11.h4 Ne5 12.Bxg7 Kxg7 13.h5 c4 14.Nce2 Rh8 15.h6+ Kf8
16.g5 Nh5 17.f4 Nd7 18.Nf3 Nc5 19.Qd4 Rg8 20.f5 Ke8 21.Bh3 Qa5 22.Kb1 c3
23.b4 Qa3 24.Qxc3 Qxc3 25.Nxc3 Ng3 26.bxc5 Nxh1 27.Rxh1 dxc5 28.Ne2 gxf5
29.Bxf5 Bxf5 30.exf5 Rd8 31.Nf4 Rd6 32.c3 b4 33.cxb4 Rb6 34.Kc2 cxb4 35.Kb3 a5
36.Rc1 a4+ 37.Kxa4 Kd7 38.Ne5+ Kd8 39.Nxf7+ Kd7 40.Ne5+ Kd8 41.Ne6+  1-0

[Event "ch-ROM"]
[Site "Baile Tusnad ROM"]
[Date "2005.11.26"]
[Round "1"]
[White "Moldovan,D"]
[Black "Dragomirescu,C"]
[Result "1-0"]
[WhiteElo "2425"]
[BlackElo "2264"]

1.e4 g6 2.d4 Bg7 3.Nc3 d6 4.Nf3 Nf6 5.Bf4 Nc6 6.Qd2 O-O 7.O-O-O Bg4 8.Be2 Bxf3
9.Bxf3 e5 10.dxe5 dxe5 11.Be3 Qxd2+ 12.Rxd2 Rfd8 13.Rhd1 Rxd2 14.Rxd2 a6
15.Nd5 Ne8 16.Bg4 Nd4 17.c3 Nb5 18.a4 Nbd6 19.Nxc7 Rb8 20.Nxe8 Nxe8 21.Be2 Nf6
22.f3 Bf8 23.Kc2 h5 24.a5 Be7 25.Bf2 Rd8 26.Rxd8+ Bxd8 27.b4 Kf8 28.Bc4 Ke8
29.Kd3 Bc7 30.Bh4 Nd7 31.Bd5 b6 32.axb6 Bxb6 33.Bc6 a5 34.bxa5 Bxa5 35.Kc4 Bb6
36.Kd5 Bg1 37.h3 Be3 38.Kd6  1-0

[Event "41st American Open"]
[Site "Los Angeles USA"]
[Date "2005.11.26"]
[Round "5"]
[White "Matikozian,A"]
[Black "Pleasants,A"]
[Result "1-0"]
[WhiteElo "2486"]
[BlackElo "2088"]

1.e4 g6 2.d4 Bg7 3.Nc3 d6 4.g3 b6 5.Bg2 Bb7 6.Nge2 Nd7 7.O-O e6 8.Be3 Ne7
9.Qd2 h6 10.a4 a5 11.h3 Nf8 12.f4 f5 13.Rae1 d5 14.e5 c6 15.b3 Nd7 16.g4 Ba6
17.Rf3 Qc7 18.Bf2 b5 19.Ng3 b4 20.Nce2 c5 21.c3 Rb8 22.dxc5 bxc3 23.Rxc3 Nc6
24.Nd4 Nxd4 25.Bxd4 Qc6 26.gxf5 gxf5 27.Nxf5 exf5 28.Rg3 Rh7 29.e6 Nxc5 30.Bxg7 Ne4
31.Bxe4 dxe4 32.Be5 Rc8 33.Bd6  1-0

[Event "18th Belgrade Trophy"]
[Site "Obrenovac SCG"]
[Date "2005.11.26"]
[Round "5"]
[White "Stancic,L"]
[Black "Pantovic,D"]
[Result "0-1"]
[WhiteElo "1913"]
[BlackElo "2118"]

1.e4 g6 2.d4 Bg7 3.Nc3 d6 4.f4 Nf6 5.Nf3 O-O 6.Bd3 Na6 7.O-O c5 8.d5 Rb8
9.Qe1 Bg4 10.h3 Bxf3 11.Rxf3 Nb4 12.Qh4 c4 13.Bxc4 Nxc2 14.Rb1 Nd4 15.Rf1 b5
16.Bd3 Nd7 17.b4 f5 18.Bb2 a5 19.a3 axb4 20.axb4 fxe4 21.Nxe4 Nf5 22.Qe1 Qb6+
23.Kh1 Bxb2 24.Rxb2 Qe3 25.Qb1 Nb6 26.Rf3 Qd4 27.Ng5 Qxd5 28.Be4 Qc4 29.Rc2 Qd4
30.Rc7 Qf6 31.Bxf5 gxf5 32.Qe1 Nd5 33.Ra7 Ra8 34.Qh4 Qg6 35.Rb7 Rfe8 36.Rd3 Nf6
37.Ne6 Ne4 38.Ng5 Nxg5 39.fxg5 Rab8 40.Rc7 Rbc8 41.Rdc3 Qe6 42.Qf2 Rxc7 43.Rxc7 Rc8
44.Rb7 Rc1+ 45.Kh2 Qe5+ 46.g3 Qe4 47.Rb8+ Kf7 48.Qa2+ d5  0-1

[Event "ch-ROM w"]
[Site "Baile Tusnad ROM"]
[Date "2005.11.27"]
[Round "2"]
[White "Padurariu,I"]
[Black "Dragomirescu,An"]
[Result "1-0"]
[WhiteElo "2204"]
[BlackElo "2249"]

1.e4 g6 2.d4 Bg7 3.Nc3 d6 4.Be3 a6 5.Nf3 b5 6.Bd3 Nd7 7.e5 Bb7 8.e6 fxe6
9.Ng5 Nf8 10.O-O Nf6 11.Qe2 Qd7 12.a4 b4 13.Na2 a5 14.c3 bxc3 15.Nxc3 Nd5
16.Qf3 Bf6 17.Nge4 O-O-O 18.Nxd5 exd5 19.Nxf6 exf6 20.Qxf6 Ne6 21.Rfc1 Rdf8
22.Qh4 Rhg8 23.Rc3 Rf7 24.Rac1 Kb8 25.Bb5 Qe7 26.Qg4 Ka7 27.Qd1 Nd8 28.Qd2 c6
29.Bg5 Qd7 30.Bxd8 Qxd8 31.Bxc6 Bxc6 32.Rxc6 Rb7 33.Qd3 Rxb2 34.Qa6+ Kb8
35.Rxd6 Qe7 36.Rxd5 Re8 37.h3 Qa7 38.Qd6+ Ka8 39.Qc6+  1-0

[Event "National Chess Congress"]
[Site "Philadelphia USA"]
[Date "2005.11.27"]
[Round "6"]
[White "Smith,Bry"]
[Black "Zaichik,G"]
[Result "1-0"]
[WhiteElo "2369"]
[BlackElo "2501"]

1.e4 g6 2.d4 Bg7 3.Nc3 d6 4.Be3 a6 5.Qd2 b5 6.f3 c6 7.g4 Nd7 8.Nge2 Nb6 9.Ng3 Nc4
10.Bxc4 bxc4 11.h4 Rb8 12.Rb1 h6 13.Kf2 d5 14.e5 f6 15.exf6 exf6 16.Bf4 Rb7
17.Na4 Bf8 18.c3 Kf7 19.Qc2 Ne7 20.Nc5 Rb6 21.Rhe1 Rg8 22.b4  1-0

[Event "National Chess Congress"]
[Site "Philadelphia USA"]
[Date "2005.11.27"]
[Round "6"]
[White "Smith,Bry"]
[Black "Zaichik,G"]
[Result "0-1"]
[WhiteElo "2369"]
[BlackElo "2501"]

1.e4 g6 2.d4 Bg7 3.Nc3 d6 4.Be3 a6 5.Qd2 b5 6.f3 c6 7.g4 Nd7 8.Nge2 Nb6 9.Ng3 Nc4
10.Bxc4 bxc4 11.h4 Rb8 12.Rb1 h6 13.Kf2 d5 14.e5 f6 15.exf6 exf6 16.Na4 Bf8
17.c3 Kf7 18.Qc2 Ne7 19.Nc5 Rb6 20.Rbe1 Rg8 21.b4  0-1

[Event "ch-ROM"]
[Site "Baile Tusnad ROM"]
[Date "2005.11.28"]
[Round "3"]
[White "Madan,A"]
[Black "Parligras,M"]
[Result "1/2-1/2"]
[WhiteElo "2388"]
[BlackElo "2577"]

1.d4 g6 2.e4 Bg7 3.Nc3 d6 4.f4 a6 5.Nf3 Nd7 6.Bc4 e6 7.O-O b5 8.Bd3 c5 9.e5 Bb7
10.Ne4 Bxe4 11.Bxe4 d5 12.Bd3 c4 13.Be2 h5 14.h3 Nh6 15.Ng5 h4 16.Bg4 Nf5
17.Bxf5 gxf5 18.b3 Bf8 19.a4 Be7  1/2-1/2

[Event "18th Belgrade Trophy"]
[Site "Obrenovac SCG"]
[Date "2005.11.29"]
[Round "8"]
[White "Novovic,V"]
[Black "Djordjijevic,S"]
[Result "0-1"]
[WhiteElo "1859"]
[BlackElo "2131"]

1.e4 d6 2.d4 g6 3.Nc3 Bg7 4.f4 Nf6 5.Nf3 c5 6.Bb5+ Nfd7 7.Be3 cxd4 8.Nxd4 a6
9.Bxd7+ Nxd7 10.O-O O-O 11.Qe1 Nf6 12.Qh4 Qc7 13.f5 b5 14.a3 Bb7 15.Nf3 Rfe8
16.Rae1 Bc6 17.Bd4 a5 18.fxg6 hxg6 19.Ng5 b4 20.e5 dxe5 21.Bxe5 Qb7 22.Nce4 Bxe4
23.Rxe4 bxa3 24.bxa3 Rad8 25.Ref4 Rd2 26.Qh3 Qc8 27.Qb3 Qc5+ 28.Kh1 Qd5 29.Qxd5 Rxd5
30.Bxf6 exf6 31.Nf3 Rc8 32.c4 Rd3 33.Ra1 f5 34.Ne1 Rb3 35.Rc1 Bh6 36.g3 Rxa3
37.Kg2 Bxf4 38.gxf4 Ra4 39.c5 Rxf4 40.Nd3 Rd4  0-1

[Event "ch-ROM"]
[Site "Baile Tusnad ROM"]
[Date "2005.11.30"]
[Round "5"]
[White "Marinescu,Mi"]
[Black "Dragomirescu,C"]
[Result "0-1"]
[WhiteElo "2259"]
[BlackElo "2264"]

1.e4 g6 2.d4 Bg7 3.Nc3 d6 4.f4 a6 5.Nf3 b5 6.Bd3 Nd7 7.O-O c5 8.dxc5 Nxc5
9.Be3 Bb7 10.f5 b4 11.Nd5 Bxd5 12.exd5 Nf6 13.Bd4 O-O 14.fxg6 hxg6 15.Ng5 Nfd7
16.Qg4 Bxd4+ 17.Qxd4 Qb6 18.Kh1 f6 19.Ne6 Nxe6 20.Qg4 Ne5 21.Qxe6+ Rf7 22.Rf4 Kg7
23.Re1 Nxd3 24.cxd3 Rh8 25.h3 Qb5 26.Qe4 Rh6 27.Qc4 Qb7 28.Qb3 Rh5 29.Rd4 a5
30.a3 Qd7 31.axb4 Rxh3+ 32.Kg1 Qa7 33.Qc4 Rh5 34.Kf1 axb4 35.Qxb4 Rf8 36.Rde4 Rf5+
37.Ke2 Rf2+ 38.Kd1 Qa1+  0-1

[Event "ch-ROM"]
[Site "Baile Tusnad ROM"]
[Date "2005.12.01"]
[Round "6"]
[White "Dragomirescu,C"]
[Black "Manea,A"]
[Result "0-1"]
[WhiteElo "2264"]
[BlackElo "2307"]

1.d4 g6 2.e4 Bg7 3.Nc3 d6 4.Be3 a6 5.Nf3 Nc6 6.d5 Nb8 7.h3 c5 8.a4 Nf6 9.Be2 O-O
10.O-O Nbd7 11.Re1 Rb8 12.Bf4 Qc7 13.Bf1 Ne5 14.Nxe5 dxe5 15.Be3 Ne8 16.a5 Bd7
17.Qd2 Nd6 18.f3 Rbc8 19.Na4 Bxa4 20.Rxa4 Bf6 21.Qf2 Bg7 22.b3 f5 23.Qd2 Rf7
24.exf5 gxf5 25.Bh6 Bf6 26.Qf2 Kh8 27.Kh1 f4 28.Bd3 Rg8 29.g4 fxg3 30.Qg2 e4
31.Bxe4 Bc3 32.Rf1 c4 33.Rxc4 Nxc4 34.bxc4 Qxc4 35.Rd1 Bd4 36.f4 Qc3 37.f5 Be3
38.Bxe3 Qxe3 39.d6 exd6 40.Bd5 Rxf5 41.Bxg8 Rf2 42.Bd5 Rxg2 43.Bxg2 Qe2 44.Rf1 Qxc2  0-1

[Event "ch-ROM"]
[Site "Baile Tusnad ROM"]
[Date "2005.12.01"]
[Round "6"]
[White "Kutnik,A"]
[Black "Grunberg,M"]
[Result "0-1"]
[WhiteElo "2192"]
[BlackElo "2409"]

1.d4 g6 2.e4 Bg7 3.Nc3 d6 4.Be3 a6 5.a4 Nc6 6.Nf3 Nf6 7.h3 O-O 8.Bc4 Nxe4
9.Nxe4 d5 10.Bd3 dxe4 11.Bxe4 Na5 12.c3 Nc4 13.Bf4 Be6 14.O-O c6 15.Qe2 Bd5
16.Bd3 Bxf3 17.gxf3 Nb6 18.a5 Nd5 19.Bd2 Re8 20.f4 e6 21.Qf3 Bh6 22.c4 Nxf4
23.Bxf4 Qf6 24.Be4 Bxf4 25.d5 exd5 26.cxd5 Qg5+ 27.Kh1 Bc7 28.Qg2 Qe5 29.Bf3 c5
30.d6 Qxd6 31.Bxb7 Rab8 32.f4 Re3 33.Rf2 Qd3 34.Bf3 Rbe8 35.Raf1 Bxf4 36.Bg4 Rg3
37.Qc6 Rxh3+ 38.Bxh3 Qxh3+ 39.Kg1 Qe3 40.Qf6 g5 41.Qf5 Re6 42.Rd1 Kg7 43.Rd3 Qe1+
44.Kg2 Rh6 45.Rh3 Rxh3 46.Qxh3 Qxa5 47.Qg4 Qc7 48.Kf1 Qd6 49.Qf3 Qd4 50.Re2 a5
51.Kg2 a4 52.Kf1 c4 53.Kg2 Qd3 54.Qh5 c3 55.bxc3 Qxc3 56.Qg4 a3 57.Qd7 Qc4
58.Qd1 Qc3 59.Qd5 h5 60.Re7 Qd2+ 61.Qxd2 Bxd2  0-1

[Event "ch-ROM"]
[Site "Baile Tusnad ROM"]
[Date "2005.12.03"]
[Round "8"]
[White "Kutnik,A"]
[Black "Dragomirescu,C"]
[Result "0-1"]
[WhiteElo "2192"]
[BlackElo "2264"]

1.e4 g6 2.d4 Bg7 3.Nc3 d6 4.Be3 a6 5.a4 Nf6 6.h3 O-O 7.g4 c6 8.a5 b5 9.axb6 Qxb6
10.b3 Bb7 11.Bg2 Nbd7 12.g5 Nh5 13.Na4 Qc7 14.Bf3 c5 15.c3 cxd4 16.cxd4 Rfc8
17.Bxh5 gxh5 18.f3 d5 19.e5 Nxe5 20.f4 Ng6 21.Ne2 Nh4 22.Nc5 Ng2+ 23.Kf2 Nxe3
24.Kxe3 Qb6 25.Nxb7 Qxb7 26.Qd3 Rab8 27.Rxa6 Qxb3 28.Ra3 Qb6 29.Kf3 Rc4 30.Rd1 Qg6
31.h4 e6 32.Kg3 Bf8 33.Rb3 Rxb3 34.Qxb3 h6 35.Qf3 Bd6 36.Kg2 hxg5 37.hxg5 Rc2
38.Kf1 Qf5 39.Rd3 h4 40.Qh3 Qh7 41.Rf3 Ra2 42.f5 exf5 43.Rxf5 Qh5 44.Qf3 Qxf3+
45.Rxf3 Be7 46.Nc3 Rd2 47.Nxd5 Bxg5 48.Rf5 Bd8 49.Rf4 h3 50.Kg1 Rg2+ 51.Kh1 Rg5
52.Ne3 Kf8 53.Rg4 Rh5 54.Nf1 Bc7 55.Ng3 f5 56.Nxf5 Rxf5 57.Rg1 Ke7 58.Rc1 Bd6
59.Re1+ Kd7 60.Rd1 Ke6 61.Ra1 Rf2 62.Rb1 Kf5 63.d5 Rd2 64.Rf1+ Kg4 65.Rg1+ Bg3
66.Rb1 Rxd5 67.Rb3 Bf4 68.Rb1 Rd2 69.Rg1+ Kh4 70.Rb1 Re2 71.Ra1 Bd2 72.Rg1 Be3
73.Rg4+ Kh5 74.Rh4+ Kg5 75.Rh5+ Kg6 76.Rxh3 Bf4 77.Rb3 Kf5 78.Ra3 Ke4 79.Rb3 Be3
80.Ra3 Kf3 81.Rb3 Kg3  0-1

[Event "TCh-CZE Extraliga 2005-6"]
[Site "Czech Rep CZE"]
[Date "2005.12.03"]
[Round "5"]
[White "Bobras,P"]
[Black "Petran,Pe"]
[Result "1-0"]
[WhiteElo "2563"]
[BlackElo "2342"]

1.e4 g6 2.d4 Bg7 3.Nc3 d6 4.f4 a6 5.Nf3 b5 6.Bd3 Nd7 7.Be3 c5 8.e5 Nh6 9.dxc5 Ng4
10.Bg1 Nxc5 11.Bxc5 dxc5 12.Be4 Ra7 13.h3 Nh6 14.Qxd8+ Kxd8 15.O-O-O+ Kc7
16.Rd5 Kb6 17.a4 Bf5 18.Rhd1 Re8 19.g4 Bxe4 20.Nxe4 Rc7 21.Nfg5 bxa4 22.Nc3 e6
23.Rd8 Rxd8 24.Rxd8 Ka5 25.Nge4 c4 26.Kb1 a3 27.bxa3 Kb6 28.Na4+ Kc6 29.Nac5 Ra7
30.Rc8+ Kd5 31.Rd8+ Kc6 32.Rc8+ Kd5 33.Kc1 Kd4 34.Kd2 c3+ 35.Nxc3 g5 36.Nb3+  1-0